🎶 Paroles "Le voyage" Tri Yann (Acte1/6 GS) - Statistiques

Statistiques générales
  • Ce quiz a été pris 2 fois
  • Le résultat moyen est 190 sur 389
Statistiques - réponses
Mots % Correct
a
100%
à
100%
À
100%
Alençon
100%
c'
100%
C'
100%
ça
100%
Cadillac
100%
de
100%
des
100%
dès
100%
Dreux
100%
elle
100%
en
100%
Ernée,
100%
est
100%
Et
100%
et
100%
Guillaume
100%
Houdan,
100%
Houdan
100%
il
100%
Il
100%
L'
100%
l'
100%
le
100%
Le
100%
Mayenne !
100%
Mayenne.
100%
Millemont,
100%
Morlaix
100%
Mortagne
100%
n'
100%
ne
100%
Paris
100%
pas
100%
Quéméneur
100%
Quémeneur
100%
Rennes
100%
Rennes.
100%
Rennes...
100%
s'
100%
Seznec
100%
son
100%
sont
100%
un
100%
Un
100%
une
100%
après
50%
arrête
50%
au
50%
aube,
50%
avant
50%
bornes
50%
ces
50%
cet
50%
cinq
50%
comme
50%
commence
50%
dans
50%
Dans
50%
déjeuner,
50%
deux
50%
dix
50%
du
50%
état-
50%
être.
50%
fait
50%
fois
50%
heure
50%
heure,
50%
heures
50%
huit
50%
jusqu'
50%
kilomètres,
50%
La
50%
la
50%
là,
50%
lendemain
50%
les
50%
Les
50%
Mais
50%
matin,
50%
matinée.
50%
on
50%
50%
ou
50%
paie
50%
Par
50%
petit
50%
peut-
50%
Plus
50%
plus
50%
Pour
50%
pour
50%
prend
50%
qui
50%
se
50%
ses
50%
six
50%
tous
50%
trente
50%
trop
50%
vers
50%
vient
50%
vingt
50%
vingt-
50%
volant
50%
allumage
0%
américaine
0%
arrêtent
0%
associés
0%
attend
0%
auto
0%
autoclave,
0%
avalent
0%
bagnole
0%
beau,
0%
bête !
0%
bidons
0%
Boit
0%
bord
0%
boulons
0%
boyaux,
0%
Bringuebale
0%
changer
0%
charbons
0%
chemin.
0%
cinquante
0%
claquer !
0%
côte
0%
côtés.
0%
Crachant
0%
craque
0%
crevaisons
0%
crève
0%
culasse
0%
damné ;
0%
débrouiller,
0%
dégueule
0%
depuis
0%
derniers
0%
éclairent
0%
écureuils
0%
endort
0%
énerver
0%
engin :
0%
Ennuis,
0%
épave
0%
éveille
0%
Faudra
0%
faut
0%
fichus
0%
Fumant
0%
garages,
0%
garages
0%
garagistes
0%
Grognant
0%
guère
0%
huile
0%
invendable ;
0%
joint
0%
laisse
0%
malade,
0%
marre,
0%
marrent
0%
mène
0%
minable :
0%
morceau ;
0%
moteur
0%
moyenne ;
0%
moyenne.
0%
nuit
0%
pannes
0%
passage,
0%
passent
0%
peine,
0%
pelle ;
0%
Perd
0%
péter !
0%
phares
0%
pneus
0%
pompes
0%
pourris
0%
rafistoler
0%
Râlant
0%
ratés,
0%
re-
0%
Rentrant
0%
requins.
0%
restent
0%
retaper
0%
retourner
0%
rien,
0%
Rotant
0%
sage
0%
Sifflant
0%
sue
0%
tellement
0%
tôles
0%
tombe
0%
tordus
0%
Toussant
0%
train
0%
traîne
0%
traîne,
0%
train-train ;
0%
vieille
0%
villages,
0%
villages
0%
villes
0%
vrais
0%
Aucun quiz correspondant
Distribution des résultats
% des personnes avec chaque résultat
Percentile par nombre de réponses
Votre historique - résultats
Vous n’avez pas pris ce quiz